01887nam a2200481 i 450000100060000000300080000600500170001400600190003100700150005000800410006502000180010602000270012403500230015103500240017403500250019803500210022304000310024405000260027508000100030108200150031110000310032624501450035726400850050230000410058733600310062833700330065933800430069250000230073550400290075858801250078759001590091265000210107165000330109265000230112565000310114865000330117965000430121265500270125570000250128279700190130785600620132699900170138846114FlNmELB20241216231744.0m o d | cr cnu||||||||160324s2015 ag ob 001 0 spa d z9789872843946 a9781512928532 (e-book) a(MiAaPQ)EBC4422663 a(Au-PeEL)EBL4422663 a(CaPaEBR)ebr11162441 a(OCoLC)984786713 aFINmELBbspaerdacFINmELB 4aHV5824.Y68bR294 2015 a613.80 a362.292231 aRecalde, María Mercedes.10aEducación y prevención del consumo problemático de drogas.nII,pSustancias ilegales /cMaría Mercedes Recalde, Héctor E. Recalde. 1aBuenos Aires :bEdiciones del Aula Taller :bGrupo Editor Universitario,c[2015] a1 recurso en línea (129 páginas) atextobtxt2rdacontent/spa acomputadorabc2rdamedia/spa arecurso en líneabcr2rdacarrier/spa aContiene índice. aContiene bibliografía. aDescripción basada en recurso en línea; Título de la página del título en PDF (e-libro, visto March 24, 2016). aRecurso electronico. Santa Fe, Arg. : e-libro, 2016. Disponible via World Wide Web. El acceso puede ser limitado para las bibliotecas afiliadas a e-libro. 0aYouthxDrug use. 4aJuventudxConsumo de drogas. 0aYouthxDrug abuse. 4aJuventudxAbuso de drogas. 0aHealth education (Secondary) 4aEducación para la salud (Secundaria) 4aLibros electrónicos.1 aRecalde, Héctor E.2 ae-libro, Corp.40uhttps://elibro.net/ereader/politecnicointernacional/77226 c46114d46114